Normal view
MARC view
Entry Personal Name
001 - CONTROL NUMBER
- control field: 20909
003 - CONTROL NUMBER IDENTIFIER
- control field: ARRUPE
005 - DATE AND TIME OF LATEST TRANSACTION
- control field: 20151104120251.0
008 - FIXED-LENGTH DATA ELEMENTS
- fixed length control field: 151104|| aca||aabn | a|a d
040 ## - CATALOGING SOURCE
- Original cataloging agency: ARRUPE
- Transcribing agency: ARRUPE
100 ## - HEADING--PERSONAL NAME
- Personal name: Gilkey, Langdon,
- Dates associated with a name: 1919-2004.
670 ## - SOURCE DATA FOUND
- Source citation: Work cat.: (ARRUPE)0: Gilkey, Langdon, 1919-2004., Catholicism confronts modernity;, [1975]